Statistiques concernant Personnages de How to get away with murder par images

Cliquez ici pour prendre le quiz!

Statistiques générales

  • Ce quiz a été pris 159 fois
  • Le résultat moyen est 9 sur 16

Statistiques - réponses

Réponse% Correct
Annalise Keating
95%
Wes Gibbins
86%
Bonnie Winterbottom
79%
Connor Walsh
77%
Michaela Pratt
76%
Laurel Castillo
75%
Frank Delfino
70%
Nate Lahey
63%
Sam Keating
61%
Asher Millstone
59%
Oliver Hampton
59%
Gabriel Maddox
44%
Tegan Price
26%
Todd Denver
13%
Emmett Crawford
12%
Ronald Miller
12%

Distribution des résultats

Percentile par nombre de réponses

% des personnes avec chaque résultat

Votre développement - résultats

Vous n’avez pas pris ce quiz